000 00484nam a2200181Ia 4500
005 20250326123805.0
008 250326s9999 xx 000 0 und d
037 _aTextbook
040 _aFMSL
_beng
_cFMSL
041 _aeng
_2eng
084 _aS:43 L31
_qFMSL
100 _aPiaget J
245 0 _aMemory and intelligence
_cPiaget J; Inhelder B
260 _aLondon
_bLondon, Routledge
_c1973
300 _a414p
942 _cTB
_hS:43 L31
999 _c1270969
_d1270969